[Event "53rd World U20 ch"]
[Site "Pune IND"]
[Date "2014.10.14"]
[Round "8.43"]
[White "Borisenko, Viacheslav"]
[Black "Raja, Harshit"]
[Result "1-0"]
[WhiteElo "2316"]
[BlackElo "2000"]
[EventDate "2014.10.06"]
[PlyCount "137"]

1.e4 c5 2.Nf3 d6 3.c3 Nf6 4.Bc4 Nc6 5.Qe2 Bg4 6.d3 e6 7.Nbd2 Be7 8.Bb3 O-O
9.h3 Bxf3 10.Nxf3 d5 11.O-O b5 12.e5 Nd7 13.d4 b4 14.Bc2 bxc3 15.bxc3 Qa5 
16.Bd2 c4 17.Ne1 Ba3 18.Rd1 Bb2 19.Qe3 f5 20.exf6 Rxf6 21.a4 Ba3 22.Nf3 
Re8 23.Qg5 Nf8 24.Qg3 Ne7 25.Ra1 Bb2 26.Rab1 Bxc3 27.Rb5 Bxd2 28.Rxa5 Bxa5
29.Rb1 Nf5 30.Qg4 Bb6 31.a5 Bxa5 32.Rb7 Re7 33.Rb8 Bb6 34.Rc8 Rc7 35.Re8 
Re7 36.Rc8 Rc7 37.Ra8 Rcf7 38.Ng5 Re7 39.Bxf5 Rxf5 40.Nxe6 Rf6 41.Rxf8+ 
Rxf8 42.Nxf8 Kxf8 43.Qf5+ Rf7 44.Qc8+ Ke7 45.Qb7+ Kf8 46.Qa8+ Ke7 47.Qxd5 
Rf6 48.Qxc4 Rd6 49.d5 Rf6 50.Kh2 Rxf2 51.Qe4+ Kd8 52.Qxh7 Bc7+ 53.Kg1 Bb6 
54.Kh1 Rf1+ 55.Kh2 Bc7+ 56.g3 Rf2+ 57.Kh1 Rf7 58.Qg6 Rd7 59.Qg5+ Kc8 60.
Kg2 a5 61.Qg4 Kd8 62.Qd4 Bd6 63.h4 Rb7 64.Qa4 Bc7 65.h5 Rb4 66.Qc6 Rd4 67.
Kf3 a4 68.h6 Rd3+ 69.Ke4 1-0

[Event "53rd World U20 ch"]
[Site "Pune IND"]
[Date "2014.10.14"]
[Round "8.44"]
[White "Nishant, Malhotra"]
[Black "Mithil, Ajgaonkar"]
[Result "1-0"]
[WhiteElo "2129"]
[BlackElo "2258"]
[EventDate "2014.10.06"]
[PlyCount "79"]

1.d4 Nf6 2.c4 e6 3.Nc3 Bb4 4.f3 c5 5.d5 O-O 6.e4 d6 7.Ne2 Re8 8.a3 Ba5 9.
Ng3 b5 10.Be2 bxc4 11.Bxc4 Bb7 12.O-O Bxc3 13.bxc3 exd5 14.exd5 Nbd7 15.
Ba2 c4 16.Bxc4 Rc8 17.Ba2 Rxc3 18.Qd4 Qc7 19.Bb2 Rc5 20.Ne4 Ra5 21.Rac1 
Qb8 22.Qb4 Ba6 23.Qxa5 Bxf1 24.Bxf6 Nxf6 25.Rxf1 Nxe4 26.fxe4 Rxe4 27.Qd2 
h6 28.Bb1 Re5 29.Qf2 Qb7 30.h3 Qxd5 31.Ba2 Qc5 32.Qxc5 dxc5 33.Rxf7 Kh7 
34.Rxa7 h5 35.a4 Kh6 36.Kf2 h4 37.a5 Re4 38.Ra6+ Kg5 39.Rc6 Kf4 40.Rxc5 
1-0

[Event "53rd World U20 ch"]
[Site "Pune IND"]
[Date "2014.10.14"]
[Round "8.45"]
[White "Gandhi, Anish"]
[Black "Rindlisbacher, Jan"]
[Result "1-0"]
[WhiteElo "2068"]
[BlackElo "2217"]
[EventDate "2014.10.06"]
[PlyCount "59"]

1.d4 Nf6 2.c4 e6 3.g3 Bb4+ 4.Bd2 Qe7 5.Bg2 Nc6 6.a3 Bxd2+ 7.Qxd2 d6 8.e4 
e5 9.d5 Nd4 10.Qd3 Nd7 11.Nd2 Nc5 12.Qc3 f5 13.Ngf3 fxe4 14.Nxd4 Nd3+ 15.
Kf1 exd4 16.Qxd4 e3 17.Qxd3 exd2 18.Qe2 Bf5 19.Qxe7+ Kxe7 20.Ke2 Kf6 21.
Kxd2 b5 22.Rhc1 bxc4 23.Rxc4 Rhb8 24.Kc3 Rb7 25.g4 Bd7 26.h4 Re8 27.Rf4+ 
Kg6 28.Rg1 h5 29.Be4+ Rxe4 30.gxh5+ 1-0

[Event "53rd World U20 ch"]
[Site "Pune IND"]
[Date "2014.10.14"]
[Round "8.46"]
[White "Ronka, Erik"]
[Black "Rahul Srivatshav, P."]
[Result "1-0"]
[WhiteElo "2183"]
[BlackElo "2061"]
[EventDate "2014.10.06"]
[PlyCount "143"]

1.d4 Nf6 2.c4 g6 3.f3 Bg7 4.e4 d6 5.Nc3 O-O 6.Be3 c5 7.dxc5 dxc5 8.Qxd8 
Rxd8 9.Bxc5 Nc6 10.Be3 Nd7 11.Rc1 b6 12.Nh3 Nde5 13.Nf4 Ba6 14.b3 Nb4 15.
Ncd5 Nxd5 16.cxd5 Bxf1 17.Kxf1 Rd7 18.Ke2 Rad8 19.Rc2 Bf6 20.Rhc1 Kg7 21.
g3 h6 22.Rc8 Rxc8 23.Rxc8 h5 24.Ng2 e6 25.d6 Rxd6 26.f4 Rc6 27.Re8 Rc2+ 
28.Kf1 Nc6 29.Rc8 Nd4 30.Rxc2 Nxc2 31.Bd2 e5 32.Ke2 exf4 33.gxf4 Nd4+ 34.
Ke3 Ne6 35.e5 Be7 36.Ke4 Kf8 37.Ne3 f5+ 38.exf6 Bxf6 39.Nc4 Kg7 40.Kd5 Nd4
41.Ke4 Nf5 42.Na3 h4 43.Nb5 a5 44.Be1 Bd8 45.Bf2 Kf6 46.Kd5 g5 47.Ke4 g4 
48.Nd4 Nd6+ 49.Kd5 Nf5 50.Ne6 Ne7+ 51.Kd6 Nf5+ 52.Kd7 g3 53.hxg3 h3 54.Bg1
Be7 55.g4 Nh4 56.Ng5 b5 57.Nxh3 a4 58.Bf2 Kf7 59.Kc6 axb3 60.axb3 b4 61.
Bc5 Nf3 62.Bxe7 Kxe7 63.Kc5 Nd2 64.Kxb4 Ne4 65.Kc4 Nd2+ 66.Kc3 Ne4+ 67.Kd4
Nd6 68.Kd5 Nb5 69.b4 Nc3+ 70.Ke5 Nb5 71.g5 Kf7 72.f5 1-0

[Event "53rd World U20 ch"]
[Site "Pune IND"]
[Date "2014.10.14"]
[Round "8.47"]
[White "Pastar, Slaven"]
[Black "Arjun, Satheesh"]
[Result "1/2-1/2"]
[WhiteElo "2159"]
[BlackElo "2004"]
[EventDate "2014.10.06"]
[PlyCount "126"]

1.e4 e6 2.d4 d5 3.Nd2 c5 4.exd5 Qxd5 5.Ngf3 cxd4 6.Bc4 Qd6 7.O-O Nf6 8.Nb3
Nc6 9.Nbxd4 Nxd4 10.Nxd4 a6 11.Re1 Qc7 12.Bf1 Be7 13.g3 O-O 14.Bf4 Qb6 15.
Nf5 exf5 16.Rxe7 Ne4 17.Be3 Qxb2 18.Bd4 Qb4 19.Re5 Be6 20.Rb1 Qd6 21.Rb6 
Qd7 22.Qa1 Rfd8 23.c3 Rac8 24.Bg2 Bd5 25.g4 Bc6 26.Rxf5 Nd6 27.Rg5 Ne8 28.
h3 h6 29.Re5 Bxg2 30.Kxg2 Qc7 31.Qb1 Nd6 32.f3 Nb5 33.Rc5 Qd7 34.Rxc8 Qxc8
35.Qe4 Nxd4 36.cxd4 Rd7 37.Rb2 Qc7 38.Rc2 Qd8 39.Rd2 Rd5 40.h4 Qd7 41.h5 
b5 42.Qf4 a5 43.Rc2 Rd6 44.Qe4 Rd5 45.Rc5 Rxd4 46.Qa8+ Kh7 47.Rc8 g6 48.
hxg6+ Kxg6 49.Rg8+ Kf6 50.Rh8 Qd5 51.Rxh6+ Ke7 52.Qa7+ Kf8 53.Qb8+ Ke7 54.
Kg3 Rd3 55.Qf4 Qd4 56.Qg5+ Kd7 57.Qf5+ Ke7 58.Ra6 Qg1+ 59.Kh4 Qf2+ 60.Kh5 
Qh2+ 61.Kg5 Qd2+ 62.Kh4 Qh2+ 63.Kg5 Qd2+ 1/2-1/2

[Event "53rd World U20 ch"]
[Site "Pune IND"]
[Date "2014.10.14"]
[Round "8.49"]
[White "Roshan, Rangarajan"]
[Black "Fong Yit San"]
[Result "1/2-1/2"]
[WhiteElo "2088"]
[BlackElo "2149"]
[EventDate "2014.10.06"]
[PlyCount "109"]

1.e4 c5 2.c3 Nf6 3.e5 Nd5 4.d4 cxd4 5.Nf3 e6 6.cxd4 d6 7.Bc4 Nc6 8.O-O Be7
9.Qe2 O-O 10.Rd1 Qb6 11.Nc3 Nxc3 12.bxc3 dxe5 13.dxe5 Qc7 14.Qe4 b6 15.Bd3
g6 16.Bh6 Rd8 17.Ng5 Bb7 18.Qf4 Nxe5 19.Be4 Bxe4 20.Nxe4 f5 21.Ng5 Bxg5 
22.Bxg5 Rdc8 23.Bf6 Nd7 24.Qd4 Nxf6 25.Qxf6 Qf7 26.Qe5 Rc5 27.Qe3 Rac8 28.
Rd3 Qf6 29.Rc1 R8c7 30.g3 Kg7 31.Rcd1 Re7 32.Rd7 Rc7 33.R7d4 g5 34.f4 g4 
35.R1d3 Rc5 36.Rd6 Kf7 37.Qd2 Rec7 38.Re3 Rxc3 39.Rd7+ Kg6 40.Rxc3 Rxc3 
41.Rxa7 Rf3 42.Rc7 Ra3 43.Rc1 Ra5 44.Re1 Rd5 45.Qb4 b5 46.a4 bxa4 47.Qxa4 
Qe7 48.Qa8 Kg7 49.Qa1+ Kg8 50.Rc1 Rd8 51.Qe5 Kf7 52.Rc7 Rd7 53.Rxd7 Qxd7 
54.Qh8 Kg6 55.Qg8+ 1/2-1/2

[Event "53rd World U20 ch"]
[Site "Pune IND"]
[Date "2014.10.14"]
[Round "8.52"]
[White "Deepthamsh, Reddy M."]
[Black "Patil, Pratik"]
[Result "1-0"]
[WhiteElo "2071"]
[BlackElo "2231"]
[EventDate "2014.10.06"]
[PlyCount "125"]

1.d4 Nf6 2.c4 e6 3.Nf3 d5 4.e3 c5 5.cxd5 Nxd5 6.Be2 cxd4 7.Nxd4 e5 8.Nb5 
Be6 9.O-O a6 10.N5c3 Nc6 11.Nxd5 Bxd5 12.b3 Be7 13.Bb2 O-O 14.Nc3 Be6 15.
Bf3 Qa5 16.Nd5 Ba3 17.Bxa3 Qxa3 18.Qc1 Qa5 19.Qe1 Qxe1 20.Rfxe1 Bxd5 21.
Bxd5 Rfd8 22.Bxc6 bxc6 23.Rec1 Rd6 24.Rc5 f6 25.Rac1 Rd2 26.R5c2 Rxc2 27.
Rxc2 Rc8 28.Rd2 Kf8 29.f4 exf4 30.exf4 Ke7 31.Kf2 c5 32.Ke3 Ke6 33.h3 Rb8 
34.g4 g6 35.Kd3 Kd5 36.Kc3+ Ke4 37.Rd6 Rf8 38.Rxa6 Kxf4 39.Rc6 Kg3 40.Rxc5
Kxh3 41.b4 Kxg4 42.b5 h5 43.Kb4 h4 44.a4 h3 45.b6 h2 46.Rc1 g5 47.a5 Kh3 
48.a6 g4 49.a7 g3 50.b7 g2 51.a8=Q h1=Q 52.Qc8+ f5 53.Rc3+ Kg4 54.Qxf8 
g1=Q 55.Qg7+ Kh5 56.Qxg1 Qxg1 57.b8=Q Qd4+ 58.Kb3 f4 59.Qe8+ Kg4 60.Qg6+ 
Kh4 61.Qg2 Qd7 62.Qh2+ Kg5 63.Rc5+ 1-0

[Event "53rd World U20 ch"]
[Site "Pune IND"]
[Date "2014.10.14"]
[Round "8.53"]
[White "Senthil, Maran K."]
[Black "Yashas, D."]
[Result "1/2-1/2"]
[WhiteElo "2043"]
[BlackElo "2159"]
[EventDate "2014.10.06"]
[PlyCount "136"]

1.d4 Nf6 2.g3 e6 3.Bg2 d5 4.c4 c6 5.Qc2 Be7 6.Nf3 Nbd7 7.Nbd2 b6 8.e4 dxe4
9.Nxe4 Nxe4 10.Qxe4 Bb4+ 11.Bd2 Bxd2+ 12.Nxd2 Bb7 13.O-O O-O 14.Rfd1 Qe7 
15.Qc2 Rfb8 16.Re1 Nf6 17.c5 Rd8 18.Nb3 Qc7 19.Rad1 a5 20.cxb6 Qxb6 21.Nc5
Rac8 22.Re3 Ba8 23.Re5 Rb8 24.b3 Qa7 25.Bf3 Rb4 26.Qc3 Rb5 27.g4 Nd7 28.
Nxd7 Qxd7 29.Rc5 Qd6 30.Kg2 g6 31.Rc4 Qf4 32.Qe3 Qd6 33.Rdc1 Rb4 34.Qe5 
Qxe5 35.dxe5 Rb5 36.Rc5 a4 37.bxa4 Rb2 38.R1c2 Rxc2 39.Rxc2 Rd4 40.a5 Ra4 
41.Rc5 Rxa2 42.h4 Bb7 43.Kg3 Kg7 44.g5 h6 45.gxh6+ Kxh6 46.Be4 Ra4 47.f3 
Ra3 48.Kf4 Kh5 49.Rc1 Rxa5 50.Rd1 Ba8 51.Rd7 c5 52.Rxf7 Kh6 53.Bxa8 Rxa8 
54.Rc7 Ra4+ 55.Kg3 g5 56.hxg5+ Kxg5 57.Rf7 Ra3 58.Rf6 c4 59.Rxe6 Kf5 60.
Rc6 Kxe5 61.Rxc4 Kf6 62.Kf4 Ra5 63.Rc6+ Kf7 64.Rh6 Ra4+ 65.Kg5 Ra5+ 66.Kg4
Ra4+ 67.f4 Ra5 68.f5 Ra1 1/2-1/2

[Event "53rd World U20 ch"]
[Site "Pune IND"]
[Date "2014.10.14"]
[Round "8.59"]
[White "Kumar, Gaurav"]
[Black "Nihal, Sarin"]
[Result "1/2-1/2"]
[WhiteElo "1945"]
[BlackElo "2018"]
[EventDate "2014.10.06"]
[PlyCount "70"]

1.e4 e6 2.d4 d5 3.Nd2 Nf6 4.e5 Nfd7 5.Bd3 c5 6.c3 Nc6 7.Ne2 cxd4 8.cxd4 f6
9.exf6 Nxf6 10.Nf3 Bd6 11.O-O O-O 12.Bf4 Bxf4 13.Nxf4 Ng4 14.g3 g5 15.Ng2 
Qf6 16.Be2 Nh6 17.Qd2 Nf5 18.Rad1 g4 19.Ne5 Nfxd4 20.Nxg4 Qg7 21.f4 Bd7 
22.Ne5 Nxe2+ 23.Qxe2 Nxe5 24.fxe5 a6 25.Qe3 Qg4 26.Nf4 Rf5 27.h3 Qg5 28.
Rfe1 Raf8 29.Kh2 h5 30.h4 Qg4 31.Rd4 Qg7 32.a4 a5 33.Qe2 Qf7 34.Qe3 Qg7 
35.Qe2 Qf7 1/2-1/2

[Event "53rd World U20 ch"]
[Site "Pune IND"]
[Date "2014.10.14"]
[Round "8.60"]
[White "Grahesh, Y."]
[Black "Dhulipalla, Bala Chandra Prasad"]
[Result "1/2-1/2"]
[WhiteElo "1919"]
[BlackElo "2118"]
[EventDate "2014.10.06"]
[PlyCount "91"]

1.c4 e5 2.Nc3 Nf6 3.Nf3 Nc6 4.g3 Bb4 5.Nd5 Bc5 6.Bg2 O-O 7.O-O d6 8.d3 h6 
9.a3 a5 10.Rb1 Ba7 11.Bd2 Nxd5 12.cxd5 Ne7 13.e4 Bb6 14.Bc3 f5 15.Nd2 a4 
16.Nc4 Ba7 17.d4 b5 18.Ne3 exd4 19.Bxd4 Bxd4 20.Qxd4 f4 21.gxf4 Rxf4 22.
Rbc1 Ng6 23.f3 Rf7 24.Rf2 Bd7 25.Nf1 Nf4 26.Ng3 Bh3 27.Bf1 Qg5 28.Qd2 Bxf1
29.Kxf1 Raf8 30.Ne2 Nh3 31.Qxg5 hxg5 32.Rg2 Rxf3+ 33.Ke1 Nf2 34.Rxc7 Nxe4 
35.Rg1 Re8 36.Rg2 Rb3 37.Nc1 Re3+ 38.Re2 Nf6 39.Rb7 Nxd5 40.Kd2 Rxe2+ 41.
Nxe2 Nf4 42.Nc3 d5 43.Rxb5 d4 44.Nxa4 Re2+ 45.Kd1 Rxh2 46.Rxg5 1/2-1/2

[Event "53rd World U20 ch"]
[Site "Pune IND"]
[Date "2014.10.14"]
[Round "8.61"]
[White "Krishna Teja, N."]
[Black "Wagh, Suyog"]
[Result "1-0"]
[WhiteElo "2049"]
[BlackElo "2001"]
[EventDate "2014.10.06"]
[PlyCount "123"]

1.d4 Nf6 2.Nf3 d5 3.c4 c6 4.e3 Bf5 5.Nc3 e6 6.Nh4 Bg4 7.Qb3 Qc7 8.Bd2 Nbd7
9.Rc1 Qb6 10.h3 Bh5 11.cxd5 Qxb3 12.axb3 Nxd5 13.e4 Nb4 14.g4 Be7 15.gxh5 
Bxh4 16.Nb5 cxb5 17.Bxb4 a6 18.Rc7 Rb8 19.Bd6 Be7 20.e5 Bxd6 21.exd6 Rd8 
22.Rxb7 O-O 23.h6 g6 24.Bg2 Nf6 25.Rb6 Ne8 26.Rxa6 Nxd6 27.Rb6 Nf5 28.d5 
exd5 29.Rxb5 Rfe8+ 30.Kd2 Nxh6 31.Re1 Rxe1 32.Kxe1 d4 33.Kd2 Nf5 34.Ra5 
Kg7 35.b4 Rb8 36.b5 Nd6 37.Bf1 Kf6 38.Ra6 Ke5 39.Ra7 h5 40.Rc7 Kd5 41.b4 
Ne4+ 42.Kc2 Nd6 43.Rc6 Ke5 44.b6 Nc8 45.b7 Ne7 46.Rc5+ Kd6 47.Bg2 Kd7 48.
b5 Nf5 49.b6 Nd6 50.Rc7+ Ke6 51.Kd3 Ke5 52.f4+ Kxf4 53.Kxd4 Rd8 54.Bd5 g5 
55.Rd7 Nf5+ 56.Kc5 Rb8 57.Rc7 g4 58.hxg4 hxg4 59.Rc8 Rxb7 60.Bxb7 g3 61.
Rf8 Nh6 62.Bd5 1-0

[Event "53rd World U20 ch"]
[Site "Pune IND"]
[Date "2014.10.14"]
[Round "8.62"]
[White "Nitish, Belurkar"]
[Black "Taalaibekov, Tagir"]
[Result "1/2-1/2"]
[WhiteElo "2046"]
[BlackElo "1948"]
[EventDate "2014.10.06"]
[PlyCount "118"]

1.e4 c5 2.c3 d5 3.exd5 Qxd5 4.d4 Nc6 5.Nf3 Nf6 6.Na3 Bg4 7.Be2 e6 8.Nb5 
O-O-O 9.O-O cxd4 10.Nfxd4 Nxd4 11.Nxd4 h5 12.Qa4 Bc5 13.Bf3 Bxf3 14.Nxf3 
Ng4 15.b4 Bb6 16.Bg5 f6 17.c4 Qd7 18.Qxd7+ Rxd7 19.c5 Bc7 20.Bc1 Ne5 21.
Nxe5 Bxe5 22.Rb1 Rhd8 23.a4 Rd3 24.b5 Rc3 25.Be3 Bd4 26.Rfe1 e5 27.Rbc1 
Ra3 28.Rc4 Bxe3 29.fxe3 Rd2 30.b6 Kb8 31.bxa7+ Kxa7 32.c6 bxc6 33.Rxc6 
Rxa4 34.Rc7+ Kb6 35.Rxg7 Raa2 36.Rf1 Re2 37.Rxf6+ Kc5 38.h3 Rxe3 39.Rh6 
Re1+ 40.Kh2 Kd4 41.Rxh5 e4 42.Rh8 Ke3 43.Rg3+ Kf2 44.Rf8+ Ke2 45.h4 Raa1 
46.Kh3 e3 47.h5 Ra4 48.Kh2 Raa1 49.Rh3 Rh1+ 50.Kg3 Rxh3+ 51.Kxh3 Rh1+ 52.
Kg4 Kd1 53.Rd8+ Ke1 54.Kg5 Kf2 55.Re8 e2 56.g4 e1=Q 57.Rxe1 Rxe1 58.h6 Kg3
59.h7 Rh1 1/2-1/2

[Event "53rd World U20 ch"]
[Site "Pune IND"]
[Date "2014.10.14"]
[Round "8.63"]
[White "Verhelst, Joris"]
[Black "Manush, Shah"]
[Result "0-1"]
[WhiteElo "2042"]
[BlackElo "2038"]
[EventDate "2014.10.06"]
[PlyCount "82"]

1.c4 e5 2.g3 Nf6 3.Bg2 d5 4.cxd5 Nxd5 5.Nc3 Nb6 6.e3 Be7 7.Nge2 Nc6 8.O-O 
O-O 9.f4 exf4 10.Nxf4 Ne5 11.d4 Ng6 12.b3 Nxf4 13.Rxf4 Bg5 14.Rf2 c6 15.
Ne4 Bh6 16.Nf6+ gxf6 17.Qh5 Bg7 18.Be4 h6 19.Bc2 Qd5 20.Rf5 Bxf5 21.Bxf5 
Nc8 22.Qg4 Ne7 23.Bd3 Ng6 24.Bd2 Ne5 25.dxe5 Qxd3 26.exf6 Qg6 27.Qxg6 fxg6
28.fxg7 Kxg7 29.Bc3+ Kf7 30.Kf2 Ke6+ 31.Ke2 Rf7 32.Be1 Raf8 33.Rc1 Rf1 34.
h4 Rh1 35.a3 Rff1 36.Rd1 h5 37.Rc1 Rf5 38.e4 Rff1 39.Rd1 Rxe1+ 40.Rxe1 
Rxe1+ 41.Kxe1 Ke5 0-1

[Event "53rd World U20 ch"]
[Site "Pune IND"]
[Date "2014.10.14"]
[Round "8.64"]
[White "Stamos, Filippos"]
[Black "Saim, Mohamed Ilias"]
[Result "1-0"]
[WhiteElo "2076"]
[BlackElo "2040"]
[EventDate "2014.10.06"]
[PlyCount "93"]

1.e4 d6 2.d4 Nf6 3.Nc3 e5 4.Nge2 Be7 5.g3 O-O 6.Bg2 c6 7.a4 a5 8.O-O Na6 
9.h3 Nb4 10.Be3 Qc7 11.f4 Rd8 12.Qc1 Be6 13.b3 Ne8 14.g4 exf4 15.Nxf4 g6 
16.Nxe6 fxe6 17.Qd2 Ng7 18.Nd1 e5 19.c3 Na6 20.Nf2 Rf8 21.g5 Ne6 22.Ng4 
Kg7 23.h4 Rae8 24.Bh3 Bd8 25.Nf6 Bxf6 26.gxf6+ Kg8 27.Rad1 Kh8 28.Bh6 Rf7 
29.dxe5 Nec5 30.Qxd6 Nxe4 31.Qxc7 Nxc7 32.Bg7+ Kg8 33.e6 Rxg7 34.fxg7 Nxe6
35.Rfe1 Nxg7 36.Bd7 Nxc3 37.Bxe8 Nxd1 38.Bxc6 bxc6 39.Rxd1 Nf5 40.Rd7 Nxh4
41.Ra7 h5 42.Rxa5 Kg7 43.Rc5 Nf3+ 44.Kf2 Nd4 45.b4 h4 46.a5 Nb3 47.a6 1-0

[Event "53rd World U20 ch"]
[Site "Pune IND"]
[Date "2014.10.14"]
[Round "8.65"]
[White "Reddy, Ananta"]
[Black "Sai Agni Jeevitesh, J."]
[Result "0-1"]
[WhiteElo "1420"]
[BlackElo "2068"]
[EventDate "2014.10.06"]
[PlyCount "64"]

1.c4 e5 2.g3 Nc6 3.Bg2 d6 4.Nc3 Be6 5.d3 Qd7 6.Rb1 g6 7.Nf3 h6 8.b4 Bg7 9.
Nd2 Nge7 10.O-O Bh3 11.a3 h5 12.Nf3 h4 13.e3 Bxg2 14.Kxg2 hxg3 15.fxg3 
Qh3+ 16.Kf2 f5 17.Bb2 g5 18.Rh1 g4 19.Ng1 Qh6 20.Nd5 O-O 21.h4 Nxd5 22.
cxd5 Ne7 23.Bc1 Nxd5 24.Ne2 Kh8 25.Qd2 f4 26.exf4 exf4 27.gxf4 Rae8 28.Kg3
Re3+ 29.Kg2 Qe6 30.Ng3 Nxf4+ 31.Kh2 Rxg3 32.Kxg3 Nh5+ 0-1

[Event "53rd World U20 ch"]
[Site "Pune IND"]
[Date "2014.10.15"]
[Round "9.2"]
[White "Fedoseev, Vladimir"]
[Black "Grigorian, Karen H."]
[Result "1-0"]
[WhiteElo "2661"]
[BlackElo "2591"]
[EventDate "2014.10.06"]
[PlyCount "119"]

1.e4 c5 2.Nf3 d6 3.d4 cxd4 4.Nxd4 Nf6 5.Nc3 a6 6.h3 e5 7.Nb3 Be7 8.g4 Be6 
9.g5 Nfd7 10.h4 Nb6 11.f4 h6 12.f5 Bxb3 13.axb3 hxg5 14.Nd5 gxh4 15.Nxe7 
Qxe7 16.Qg4 f6 17.Be3 N8d7 18.Qg6+ Kd8 19.Qg1 Kc7 20.Rh3 Nc8 21.Bc4 Nc5 
22.Qg4 Nb6 23.Be2 Rac8 24.b4 Ncd7 25.Qg1 Qd8 26.c4 Kb8 27.c5 d5 28.cxb6 d4
29.Bd2 Rc2 30.Rb1 Nxb6 31.Bd3 Rc7 32.Ke2 Nc4 33.Be1 Qe7 34.Qh1 Rhc8 35.
Rxh4 Qe8 36.b5 a5 37.b3 Na3 38.Ra1 Nxb5 39.Bxa5 Nc3+ 40.Kf3 Rc6 41.Bc4 g5 
42.Rh7 g4+ 43.Kg3 Qf8 44.Qe1 Rxc4 45.bxc4 Qg8 46.Rxb7+ Kxb7 47.Bxc3 Qxc4 
48.Qb1+ Kc6 49.Ba5 Kd7 50.Qb7+ Ke8 51.Kh4 Qc2 52.Kh5 g3 53.Kg6 Qc4 54.Rh1 
Qg8+ 55.Kxf6 Qf8+ 56.Ke6 Qg8+ 57.Kxe5 Rc5+ 58.Kf4 g2 59.Rb1 g1=Q 60.Qb8+ 
1-0

[Event "53rd World U20 ch"]
[Site "Pune IND"]
[Date "2014.10.15"]
[Round "9.3"]
[White "Cori Tello, Jorge"]
[Black "Ghosh, Diptayan"]
[Result "1/2-1/2"]
[WhiteElo "2612"]
[BlackElo "2508"]
[EventDate "2014.10.06"]
[PlyCount "152"]

1.Nf3 Nf6 2.c4 g6 3.Nc3 d5 4.cxd5 Nxd5 5.Qb3 Nb6 6.d4 Bg7 7.e4 Bg4 8.Bb5+ 
c6 9.Ng5 O-O 10.Be2 Bxe2 11.Nxe2 Na6 12.Qh3 h6 13.Nf3 Qd7 14.Qh4 h5 15.O-O
c5 16.e5 Nd5 17.h3 Qb5 18.Nc3 Qc6 19.Nxd5 Qxd5 20.Be3 cxd4 21.Bxd4 Nb4 22.
Rfd1 Nc6 23.Bc3 Qe6 24.Re1 Qf5 25.Re4 Rad8 26.Rae1 Bh6 27.e6 f6 28.Nd4 
Nxd4 29.Rxd4 Bg5 30.Qe4 Qxe4 31.Rexe4 f5 32.Rxd8 Rxd8 33.Rc4 Bd2 34.Be5 
Ba5 35.Kh2 g5 36.h4 g4 37.Bf4 Bb6 38.Kg3 Kg7 39.Bc7 Rd3+ 40.f3 Kf6 41.Bxb6
axb6 42.Rb4 Rd6 43.Kf4 Rc6 44.b3 Rc2 45.Rb5 Rxg2 46.Rxf5+ Kxe6 47.Rxh5 
gxf3 48.Rh6+ Kd5 49.Kxf3 Rxa2 50.Rxb6 e5 51.Rxb7 Rh2 52.Kg3 Rh1 53.b4 e4 
54.b5 e3 55.Re7 Kd4 56.b6 Rb1 57.b7 Kd3 58.Kf3 Rf1+ 59.Kg2 Rb1 60.Kf3 Rf1+
61.Kg4 Rg1+ 62.Kf4 Rf1+ 63.Kg4 Rg1+ 64.Kf4 Rf1+ 65.Ke5 Rb1 66.Kd6 e2 67.
Kc7 Rc1+ 68.Kd8 Rb1 69.Kc8 Rc1+ 70.Kd8 Rb1 71.Kc8 Rc1+ 72.Rc7 Rxc7+ 73.
Kxc7 e1=Q 74.b8=Q Qe5+ 75.Kc8 Qxb8+ 76.Kxb8 Ke4 1/2-1/2

[Event "53rd World U20 ch"]
[Site "Pune IND"]
[Date "2014.10.15"]
[Round "9.4"]
[White "Bai Jinshi"]
[Black "Antipov, Mikhail"]
[Result "1/2-1/2"]
[WhiteElo "2406"]
[BlackElo "2524"]
[EventDate "2014.10.06"]
[PlyCount "60"]

1.d4 Nf6 2.c4 e6 3.g3 c5 4.d5 exd5 5.cxd5 d6 6.Nc3 g6 7.Nf3 Bg7 8.Bg2 O-O 
9.O-O a6 10.a4 Re8 11.Bf4 Nh5 12.Bg5 Qc7 13.Qd2 Nd7 14.Bh6 Bh8 15.h3 Rb8 
16.Rac1 Ne5 17.Nxe5 Bxe5 18.b4 b6 19.Ne4 Nf6 20.Nxf6+ Bxf6 21.a5 Qd8 22.
Be3 Bd4 23.Bxd4 cxd4 24.Qxd4 bxa5 25.bxa5 Rb5 26.e3 Bb7 27.Ra1 Rxa5 28.
Rxa5 Qxa5 29.Rb1 Qc7 30.Qb6 Re7 1/2-1/2

[Event "53rd World U20 ch"]
[Site "Pune IND"]
[Date "2014.10.15"]
[Round "9.5"]
[White "Oparin, Grigory"]
[Black "Prasanna, Raghuram Rao"]
[Result "1/2-1/2"]
[WhiteElo "2552"]
[BlackElo "2447"]
[EventDate "2014.10.06"]
[PlyCount "139"]

1.e4 c5 2.Nf3 e6 3.d4 cxd4 4.Nxd4 Nc6 5.Nc3 Qc7 6.g4 a6 7.Bg2 Nge7 8.O-O 
Nxd4 9.Qxd4 Nc6 10.Qe3 d6 11.f4 Bd7 12.Qf2 Na5 13.g5 h6 14.Be3 Nc4 15.Bd4 
Bc6 16.Nd5 Bxd5 17.exd5 e5 18.Rae1 O-O-O 19.Bc3 exf4 20.Qxf4 Ne5 21.Bxe5 
dxe5 22.Qxf7 hxg5 23.Qxc7+ Kxc7 24.Rf7+ Rd7 25.Rxd7+ Kxd7 26.Rxe5 Bc5+ 27.
Kf1 Rf8+ 28.Ke1 Bd4 29.Rxg5 Bxb2 30.d6 b6 31.Rd5 Ba3 32.Bh3+ Kc6 33.Bg2 
Kd7 34.Bh3+ Kc6 35.Rg5 Re8+ 36.Kd2 Bxd6 37.Bg2+ Kc7 38.Rxg7+ Re7 39.Rg6 b5
40.h3 Rh7 41.Kd3 Rh4 42.Rf6 a5 43.c3 Rh5 44.Rf7+ Kb6 45.Rb7+ Ka6 46.Rd7 
Bc5 47.Rf7 Rh6 48.Kc2 Rd6 49.Be4 Rh6 50.Bf5 Kb6 51.Bg4 a4 52.Rf5 Rc6 53.
Bf3 Rh6 54.Bh5 Rd6 55.Be2 Rh6 56.Bf1 Rh4 57.Rf6+ Ka5 58.Bg2 Rh8 59.Bb7 Bb6
60.Rf3 Rb8 61.Bc6 Bc5 62.h4 Rf8 63.h5 Rxf3 64.Bxf3 Bf8 65.Kd3 Kb6 66.Bg4 
Kc5 67.Bd7 Bg7 68.Be8 Bf8 69.Kc2 Bg7 70.Bf7 1/2-1/2

[Event "53rd World U20 ch"]
[Site "Pune IND"]
[Date "2014.10.15"]
[Round "9.6"]
[White "Dragun, Kamil"]
[Black "Narayanan, Srinath"]
[Result "1-0"]
[WhiteElo "2546"]
[BlackElo "2443"]
[EventDate "2014.10.06"]
[PlyCount "89"]

1.d4 Nf6 2.c4 c5 3.d5 g6 4.Nc3 Bg7 5.e4 O-O 6.Nf3 e6 7.Be2 exd5 8.cxd5 d6 
9.Nd2 Na6 10.O-O Nc7 11.a4 Nfe8 12.Ra3 f5 13.Nc4 Qe7 14.exf5 Rxf5 15.Bg4 
Rf7 16.Bf3 Bf5 17.Re1 Qd7 18.Ne4 b5 19.axb5 Nxb5 20.Nb6 Qd8 21.Nxa8 Nxa3 
22.bxa3 Bxe4 23.Rxe4 Qxa8 24.Bf4 Qd8 25.Qe2 Nc7 26.h4 Bf6 27.h5 Re7 28.Qd3
Kg7 29.Bg3 Rxe4 30.Bxe4 Bd4 31.Qf3 Ne8 32.h6+ Kg8 33.Qg4 Qe7 34.Bd3 Kf8 
35.Qc8 Qe1+ 36.Bf1 Kf7 37.Qb7+ Qe7 38.Qb8 Nf6 39.Qh8 Qd7 40.Ba6 Qf5 41.
Qg7+ Ke8 42.Bb5+ Nd7 43.Bxd7+ Qxd7 44.Qg8+ Ke7 45.Bh4+ 1-0

[Event "53rd World U20 ch"]
[Site "Pune IND"]
[Date "2014.10.15"]
[Round "9.7"]
[White "Johansson, Linus"]
[Black "Aravindh, Chithambaram"]
[Result "0-1"]
[WhiteElo "2401"]
[BlackElo "2475"]
[EventDate "2014.10.06"]
[PlyCount "138"]

1.d4 Nf6 2.c4 e6 3.Nc3 d5 4.cxd5 exd5 5.Bg5 c6 6.e3 Be7 7.Bd3 Nbd7 8.Qc2 
Nh5 9.Bxe7 Qxe7 10.Nge2 g6 11.O-O-O Nb6 12.Ng3 Ng7 13.Kb1 Bd7 14.Rc1 O-O-O
15.Na4 Kb8 16.Nxb6 axb6 17.Qb3 b5 18.a4 bxa4 19.Qxa4 h5 20.Rc5 h4 21.Ne2 
Bf5 22.Bxf5 Nxf5 23.Nc3 Nd6 24.Ra5 Nc4 25.Ra7 Qf6 26.f3 h3 27.gxh3 Qxf3 
28.Re1 Rhe8 29.e4 Qf2 30.Re2 Qxd4 31.Ra8+ Kc7 32.Rxd8 Rxd8 33.exd5 Nd2+ 
34.Kc2 Qxa4+ 35.Nxa4 Nf3 36.Rf2 Nd4+ 37.Kc3 Nf5 38.dxc6 Kxc6 39.b4 Kb5 40.
Nc5 Rc8 41.Kb3 Rh8 42.Nxb7 Rxh3+ 43.Kc2 Kxb4 44.Nd8 Nd4+ 45.Kd1 f5 46.Nf7 
Kc5 47.Rg2 Kd5 48.Rxg6 Rxh2 49.Ra6 Nf3 50.Ra3 Rh3 51.Ra5+ Ke6 52.Nd8+ Kf6 
53.Ke2 Nd4+ 54.Kf2 f4 55.Ra4 Rh2+ 56.Kg1 Rd2 57.Ra6+ Kf5 58.Nc6 Ne2+ 59.
Kf2 Nc3+ 60.Ke1 Rd1+ 61.Kf2 Rd2+ 62.Ke1 Rd1+ 63.Kf2 Ne4+ 64.Kf3 Rd3+ 65.
Ke2 Rd2+ 66.Ke1 f3 67.Ne7+ Kg4 68.Rg6+ Kh5 69.Rf6 Re2+ 0-1

[Event "53rd World U20 ch"]
[Site "Pune IND"]
[Date "2014.10.15"]
[Round "9.8"]
[White "Tari, Aryan"]
[Black "Bersamina, Paulo"]
[Result "0-1"]
[WhiteElo "2450"]
[BlackElo "2380"]
[EventDate "2014.10.06"]
[PlyCount "314"]

1.e4 c5 2.Nf3 g6 3.c4 Nc6 4.d4 cxd4 5.Nxd4 Nf6 6.Nc3 d6 7.Be2 Nxd4 8.Qxd4 
Bg7 9.Be3 O-O 10.Qd2 a5 11.Rc1 a4 12.f3 Be6 13.Nd5 Nd7 14.Qb4 Nc5 15.O-O 
Bxd5 16.cxd5 Qa5 17.Qxa5 Rxa5 18.Rc2 b6 19.Rb1 Ra7 20.Rc4 Rb8 21.Rb4 Ra5 
22.Rc1 b5 23.Bxc5 Bh6 24.Bxd6 exd6 25.Rc6 Bd2 26.a3 Kf8 27.e5 Bxb4 28.axb4
Ra7 29.exd6 Rd7 30.Kf2 Rbd8 31.Bxb5 Rb7 32.Rc5 Rxd6 33.Ke3 Rb8 34.Kd4 Rdb6
35.Kc4 h6 36.f4 Kg7 37.g3 g5 38.fxg5 hxg5 39.d6 Rxd6 40.Rxg5+ Kf6 41.h4 
Rc8+ 42.Rc5 Rg8 43.Rg5 Rc8+ 44.Rc5 Rg8 45.Rg5 Rxg5 46.hxg5+ Kxg5 47.Bxa4 
Kf6 48.g4 Ke7 49.Bc2 Rd2 50.Kc3 Rf2 51.Bf5 Kd6 52.Bc8 Rf4 53.Kb3 Kc6 54.
Kc3 Kc7 55.Bf5 Kd6 56.Bc8 Rf3+ 57.Kc4 Kc6 58.Bf5 Rf4+ 59.Kb3 Rd4 60.Kc3 
Rd1 61.Be4+ Kb6 62.Bf5 Rc1+ 63.Kb3 Kc6 64.Be4+ Kd6 65.Bf5 Rc7 66.Ka4 Ra7+ 
67.Kb3 Kd5 68.Bc8 Re7 69.Bf5 Re3+ 70.Ka4 Kc6 71.Bc8 Kc7 72.Bf5 Kb6 73.Bc8 
Rd3 74.Bf5 Rd4 75.Bc8 Rd2 76.Kb3 Kb5 77.Kc3 Rd1 78.Bf5 Rc1+ 79.Kb3 Kc6 80.
Be4+ Kd6 81.Bf5 Kd5 82.Bd7 Rg1 83.Bc8 Rg3+ 84.Ka4 Kc6 85.Bf5 Kb6 86.Bd7 
Rd3 87.Bf5 Rd4 88.Bc8 Rd8 89.Bf5 Rb8 90.Bd7 Kc7 91.Bf5 Kd6 92.Kb3 Kd5 93.
Bd7 Rb6 94.Bc8 Kd4 95.Bf5 Ke5 96.Bd7 Kd6 97.Bc8 f6 98.Bf5 Kc7 99.Kc4 Rc6+ 
100.Kd5 Rd6+ 101.Kc5 Rd2 102.b3 Re2 103.Kc4 Kc6 104.Kd4 Re5 105.Kc4 Re3 
106.Bc8 Re4+ 107.Kc3 Rf4 108.Be6 Kd6 109.Bc8 Rf1 110.Kd3 Kc6 111.Kc3 Rc1+ 
112.Kb2 Rd1 113.Kc2 Rd8 114.Be6 Rd6 115.Bf5 Kb5 116.Kc3 Rc6+ 117.Kd4 Kxb4 
118.Kd5 Rb6 119.Be6 Kc3 120.Bf7 Rb4 121.Ke6 Rf4 122.Bg6 Rxg4 123.Kxf6 Kxb3
124.Kg7 Kc4 125.Kh7 Kd5 126.Bf7+ Ke5 127.Kh8 Rh4+ 128.Kg7 Kf5 129.Bg6+ Ke6
130.Bh7 Rg4+ 131.Kh8 Kf7 132.Bc2 Rg8+ 133.Kh7 Rc8 134.Bb3+ Kf8 135.Bg8 
Rc7+ 136.Kh8 Rc8 137.Kh7 Rc2 138.Kh8 Rg2 139.Bh7 Kf7 140.Bd3 Rg4 141.Bh7 
Rg1 142.Bd3 Kf6 143.Bc2 Rg3 144.Bh7 Rh3 145.Kg8 Re3 146.Kh8 Kf7 147.Bg8+ 
Kg6 148.Bh7+ Kh6 149.Bg8 Re7 150.Ba2 Rh7+ 151.Kg8 Ra7 152.Bd5 Rd7 153.Be6 
Re7 154.Bf7 Rb7 155.Be6 Kg6 156.Kh8 Rh7+ 157.Kg8 Re7 0-1